000 00587nam a2200181 i 4500
001 bgj
100 1 _aSWAN, Michael
_d(1936- ).
245 1 0 _aHow English works :
_ba grammar practice book : with answers /
_cMichael Swan ; Catherine Walter.
250 _a[6th impres.].
260 _aOxford :
_bOxford University Press,
_c2000.
300 _a358 pp :
_bill. ;
_c25 cm.
650 9 _aEnglish language
_xTextbooks for foreign speakers
700 1 _aWALTER, Catherine
_d(1946- ).
_eco-author
040 _cBPK
041 _aeng
942 _cKS
008 s uk f |000 0 eng
999 _c48244
_d48244
856 _uhttp://koha.tu.koszalin.pl/cgi-bin/koha/opac-detail.pl?biblionumber=48244
_yKatalog online BPK